spanish countries - Statistics

General Stats
  • This quiz has been taken 15 times
  • The average score is 16 of 20
Answers on the Map
Answers color-coded by a green-red scale on the quiz's map according to % correct below.
 
Answer Stats
Answer % Correct
mexico
100%
argentina
93%
costa rica
93%
spain
93%
venezuela
93%
chile
86%
ecuador
86%
el salvador
86%
honduras
86%
nicaragua
86%
panama
86%
columbia
79%
cuba
79%
dominican republic
79%
equatorial guinea
79%
guatemala
79%
peru
79%
belize
64%
Philippines
50%
western sahara
21%
No matching quizzes found
Score Distribution
Percent of People with Each Score
Percentile by Number Answered
Your Score History
You have not taken this quiz